[Event "IBM op"]
[Site "La Reunion"]
[Date "1997.??.??"]
[Round "2"]
[White "De la Riva Aguado, Oscar"]
[Black "Averty, G."]
[Result "1-0"]
[WhiteElo "2480"]
[BlackElo "1940"]

1.e4 c5 2.Nf3 d6 3.d4 cxd4 4.Nxd4 Nf6 5.Nc3 a6 6.Be3 e5 7.Nf3 Qc7 8.a4 Be7
9.a5 Nbd7 10.Nd2 b5 11.axb6 Nxb6 12.Bxb6 Qxb6 13.Nc4 Qc6 14.Bd3 O-O 15.O-O Be6
16.Qe2 Rfb8 17.Rfd1 Bd8 18.b3 h6 19.Qe1 Rc8 20.Bf1 Bc7 21.Ra4 Rd8 22.Ne3 Bb6
23.Ncd5 Bxd5 24.exd5 Qc7 25.Nc4 Nd7 26.b4 Rdc8 27.Rda1 Bd4 28.c3 Bb6 29.Rxa6 Rxa6
30.Rxa6 Qb8 31.Qa1 Bc7 32.Qa4 Nb6 33.Nxb6 Bxb6 34.Qb5  1-0

[Event "IBM op"]
[Site "La Reunion"]
[Date "1997.??.??"]
[Round "4"]
[White "Prie, Eric"]
[Black "Lorans, Sylvain"]
[Result "1-0"]
[WhiteElo "2470"]
[BlackElo "2170"]

1.e4 c5 2.Nf3 d6 3.d4 cxd4 4.Nxd4 Nf6 5.Nc3 a6 6.Be3 Ng4 7.Bg5 h6 8.Bh4 g5
9.Bg3 Bg7 10.Be2 h5 11.h4 gxh4 12.Bxh4 Nc6 13.Nb3 Be6 14.Qd2 b5 15.f3 Nge5
16.Bf2 Na5 17.Nxa5 Qxa5 18.Bd4 Qb4 19.O-O-O f6 20.Nd5 Qxd2+ 21.Kxd2 Bxd5
22.exd5 Bh6+ 23.Ke1 Bf4 24.Bf2 Rg8 25.Kf1 Rc8 26.c3 Nc4 27.Bxc4 Rxc4 28.Rxh5 Kd7
29.Rh4 Be5 30.Rxc4 bxc4 31.Be3 f5 32.f4 Bf6 33.Bd4 Rg4 34.Bxf6 Rxf4+ 35.Ke2 exf6
36.Rd4 Re4+ 37.Rxe4 fxe4 38.Ke3 f5 39.Kd4  1-0

[Event "US-op"]
[Site "Las Vegas"]
[Date "1997.??.??"]
[Round "1"]
[White "Kappler, P."]
[Black "Huber, Gregory"]
[Result "0-1"]
[WhiteElo "2060"]
[BlackElo "2395"]

1.e4 c5 2.Nf3 d6 3.d4 cxd4 4.Nxd4 Nf6 5.Nc3 a6 6.Be3 e6 7.Qd2 Nbd7 8.f3 Qc7
9.g4 h6 10.O-O-O b5 11.h4 b4 12.Na4 d5 13.Bd3 e5 14.Nb3 d4 15.Nxd4 exd4 16.Bxd4 Bd6
17.Be3 Bb7 18.Kb1 Bc6 19.Bc4 Bxa4 20.Qxd6 Qxc4 21.b3 Qc6 22.bxa4 Qxd6 23.Rxd6 Ne5
24.Bd4 Nxf3 25.Bxf6 gxf6 26.Rxf6 Ne5 27.Rg1 a5 28.Rf5 Nc4 29.g5 hxg5 30.Rfxg5 Rc8
31.h5 Ke7 32.R1g2 Rh6 33.Rd5 Ne3 34.Re5+ Kd6 35.Rgg5  0-1

[Event "US-op"]
[Site "Las Vegas"]
[Date "1997.??.??"]
[Round "1"]
[White "Levin, Eugene"]
[Black "Kahane, Gabe"]
[Result "1/2-1/2"]
[WhiteElo "2260"]
[BlackElo "2005"]

1.e4 c5 2.Nf3 d6 3.d4 Nf6 4.Nc3 cxd4 5.Nxd4 a6 6.Be3 Ng4 7.Bg5 h6 8.Bd2 Qb6
9.Be2 Nxf2 10.Kxf2 Qxd4+ 11.Kf1 e6 12.h4 Nc6 13.Rh3 Be7 14.Qe1 Qf6+ 15.Kg1 b5
16.Be3 Bb7 17.Qd2 O-O 18.Rg3 Kh7 19.Rf1 Qe5 20.Rgf3 b4 21.Na4 Bf6 22.c3 bxc3
23.bxc3 Qa5 24.Qc2 Bxh4 25.Rxf7 Rxf7 26.Rxf7 Nd8 27.Bb6 Qe5 28.Bd4 Nxf7 29.Bxe5 Nxe5
30.Qd2 Be7 31.Qd4 Rf8 32.Qa7 Bc6 33.Qxe7 Ng6 34.Qxd6 Bxa4 35.Bh5 Rf6 36.e5 Rf5
37.g4 Rg5 38.Qxa6 Bc2 39.Bxg6+ Rxg6 40.Kf2 Bd1 41.c4 Rxg4 42.Qxe6 h5 43.Qf5+ Rg6
44.c5 Bg4 45.Qd3 Kh6 46.a4 h4 47.Qd8 Kh5 48.Qh8+ Kg5 49.c6 Rxc6 50.Qxg7+ Rg6
51.Qe7+ Kh5 52.a5 h3 53.Qh7+ Rh6 54.Qf7+ Rg6 55.a6 h2 56.Qh7+ Rh6 57.Qxh6+ Kxh6
58.Kg2 Bf3+ 59.Kxh2 Kg6 60.Kg3 Bc6  1/2-1/2

[Event "US-op"]
[Site "Las Vegas"]
[Date "1997.??.??"]
[Round "2"]
[White "Thorhallsson, Throstur"]
[Black "Trammell, George"]
[Result "1-0"]
[WhiteElo "2570"]
[BlackElo "2205"]

1.e4 c5 2.Nf3 d6 3.d4 cxd4 4.Nxd4 Nf6 5.Nc3 a6 6.Be3 Ng4 7.Bc1 g6 8.f3 Ne5
9.f4 Nec6 10.Be3 Bg7 11.Nf3 O-O 12.Qd2 b5 13.h4 h5 14.f5 b4 15.Nd5 Nd7 16.O-O-O a5
17.fxg6 fxg6 18.Nf4 Nb6 19.Nxg6 Rf6 20.Bxb6 Qxb6 21.Qd5+ Be6 22.Qxc6 Qe3+
23.Kb1 Ra7 24.Ng5 Bxa2+ 25.Kxa2 b3+ 26.cxb3 Qf2 27.Bc4+  1-0

[Event "US-op"]
[Site "Las Vegas"]
[Date "1997.??.??"]
[Round "3"]
[White "Levin, Eugene"]
[Black "Kangelon, J."]
[Result "1/2-1/2"]
[WhiteElo "2260"]
[BlackElo "2060"]

1.e4 c5 2.Nf3 d6 3.d4 cxd4 4.Nxd4 Nf6 5.Nc3 a6 6.Be3 Qc7 7.f3 e6 8.g4 Nc6
9.g5 Nd7 10.f4 Nb6 11.Qf3 Bd7 12.Qf2 Nxd4 13.Bxd4 Na4 14.O-O-O Nxc3 15.Bxc3 Bc6
16.Bg2 b5 17.e5 Bxg2 18.Qxg2 d5 19.f5 Bc5 20.fxe6 fxe6 21.Qh3 Qe7 22.Kb1 O-O
23.Bd4 Bxd4 24.Rxd4 Rac8 25.g6 h6 26.Rf1 Rxf1+ 27.Qxf1 Rf8 28.Qh3 Kh8 29.Rd1 Rf5
30.Qc3 Qe8 31.Rg1 Qxg6 32.Re1 Kh7 33.a4 Qe8 34.a5 Rf4 35.b3 Kh8 36.Kb2 Rf8
37.Qd4 Qc6 38.Re3 Qc7 39.Qb4 Rf2 40.Qc3 Qd7 41.Rf3 Rxf3 42.Qxf3 Kg8 43.Qc3 d4
44.Qc5 Qd5 45.Qc8+ Kh7 46.Qc7 Kg6 47.h4 h5 48.Ka3 Kh7 49.Qd6 b4+ 50.Kb2 Kg8
51.Qb8+ Kf7 52.Qa7+ Kg8 53.Qb8+ Kh7 54.Qd6 Kh6 55.Qb8 Kh7 56.Qd6  1/2-1/2

[Event "Lazne Bohdanec"]
[Site "Lazne Bohdanec"]
[Date "1997.??.??"]
[Round "10"]
[White "Votava, Jan"]
[Black "Tibensky, Robert"]
[Result "1-0"]
[WhiteElo "2530"]
[BlackElo "2445"]

1.e4 c5 2.Nf3 d6 3.d4 cxd4 4.Nxd4 Nf6 5.Nc3 a6 6.Be3 e6 7.g4 h6 8.f4 d5 9.e5 Nfd7
10.Qe2 Nc6 11.O-O-O Bc5 12.Nb3 Bxe3+ 13.Qxe3 Qb6 14.Qd2 Nc5 15.Bg2 Bd7 16.Nxc5 Qxc5
17.Ne4 Qb6 18.Nd6+ Ke7 19.c4 dxc4 20.Nxf7  1-0

[Event "Anibal op 4th"]
[Site "Linares"]
[Date "1997.??.??"]
[Round "2"]
[White "Apicella, Manuel"]
[Black "Rodriguez Lopez, Rafael"]
[Result "1-0"]
[WhiteElo "2500"]
[BlackElo "2365"]

1.e4 c5 2.Nf3 d6 3.d4 cxd4 4.Nxd4 Nf6 5.Nc3 a6 6.Be3 e5 7.Nb3 Be7 8.f3 Be6
9.Qd2 O-O 10.O-O-O a5 11.Kb1 a4 12.Nc1 Ra5 13.Qf2 Nbd7 14.a3 d5 15.exd5 Nxd5
16.Nxd5 Rxd5 17.Rxd5 Bxd5 18.Bb5 Bc6 19.Bxc6 bxc6 20.Rd1 Qc7 21.Qd2 Nf6 22.Qc3 e4
23.fxe4 Qxh2 24.Qxc6 Qxg2 25.Qxa4 Qxe4 26.Qxe4 Nxe4 27.a4 Ra8 28.Rd4 f5 29.Nd3 Nc5
30.b3 Nxd3 31.Rxd3 g5 32.Bd2 f4 33.a5 Rf8 34.Rd7 f3 35.Be3 Kf7 36.a6 Ke6
37.Rb7 f2 38.Bxf2 Rxf2 39.a7 Rf8 40.Rb8 Rf1+ 41.Ka2  1-0

[Event "Anibal op 4th"]
[Site "Linares"]
[Date "1997.??.??"]
[Round "6"]
[White "Apicella, Manuel"]
[Black "Villavicencio, Adalberto"]
[Result "1/2-1/2"]
[WhiteElo "2500"]
[BlackElo "2275"]

1.e4 c5 2.Nf3 d6 3.d4 cxd4 4.Nxd4 Nf6 5.Nc3 a6 6.Be3 Ng4 7.Bg5 h6 8.Bh4 g5
9.Bg3 Bg7 10.Be2 h5 11.Bxg4 Bxg4 12.f3 Bd7 13.Qd2 Nc6 14.Bf2 Qa5 15.Nb3 Bxc3
16.bxc3 Qb5 17.a4 Qc4 18.Qe3 Ne5 19.Nd2 Qc7 20.O-O f6 21.Rfb1 Rc8 22.c4 Nxc4
23.Nxc4 Qxc4 24.Rxb7 Bc6 25.Ra7 Bxa4 26.h4 gxh4 27.Bxh4 Bb5 28.c3 Rg8 29.Qh6 Qc5+
30.Bf2 Qg5 31.Qxg5 Rxg5 32.Be3 Rg6 33.Bd2 Kf7 34.Kf2 Rcg8 35.Rh1 Rh8 36.g3 Ke6
37.Be3 Kf7 38.Rh2  1/2-1/2

[Event "Lilie op"]
[Site "Litomysl"]
[Date "1997.??.??"]
[Round "3"]
[White "Zezulkin, Jurij"]
[Black "Smistik, Milan"]
[Result "1/2-1/2"]
[WhiteElo "2465"]
[BlackElo "2105"]

1.e4 c5 2.Nf3 d6 3.d4 cxd4 4.Nxd4 Nf6 5.Nc3 a6 6.Be3 e5 7.Nf3 Be7 8.Bc4 O-O
9.O-O Be6 10.Qe2 b5 11.Bb3 h6 12.Rfd1 Nbd7 13.a4 b4 14.Nd5 Nxd5 15.Bxd5 Bxd5
16.Rxd5 Qc7 17.a5 Nf6 18.Rdd1 Rfc8 19.Ne1 Qc6 20.f3 d5 21.exd5 Nxd5 22.Bf2 Bf6
23.Qe4 Nf4 24.Qxc6 Rxc6 25.Ra4 Be7 26.Rd7 Kf8 27.Ra1 Rd8 28.Rb7 Ne2+ 29.Kf1 Nd4
30.Rb6 Rdd6 31.Bxd4 exd4 32.Rxb4 Rd5 33.Rb6 Rdd6 34.Rb8+ Bd8 35.b4 Ke7 36.Nd3 Rxc2
37.b5 Rc3 38.bxa6 Rxa6 39.Nb4 Rxa5 40.Rxa5 Rc1+ 41.Ke2 Bxa5 42.Kd3 Rc3+ 43.Kxd4 Bxb4
44.Rxb4 Rc2 45.Rb7+ Kf6 46.g4 Rxh2 47.Ke3 g6 48.Kf4 Rg2 49.Rb6+ Kg7 50.Rb5  1/2-1/2

[Event "Greenhills op"]
[Site "Manila"]
[Date "1997.??.??"]
[Round "6"]
[White "Donguines, Fernie"]
[Black "Badilles, O."]
[Result "1-0"]
[WhiteElo "2445"]
[BlackElo "2270"]

1.e4 c5 2.Nf3 d6 3.d4 cxd4 4.Nxd4 Nf6 5.Nc3 a6 6.Be3 e6 7.Qd2 Qc7 8.f3 Nc6
9.g4 Nd7 10.f4 Nxd4 11.Bxd4 Nb8 12.O-O-O Nc6 13.Be3 b5 14.Qf2 Be7 15.g5 Bd7
16.h4 Rc8 17.Bb6 Qb7 18.Bg2 b4 19.Ne2 a5 20.Kb1 a4 21.Rd3 e5 22.b3 axb3 23.cxb3 Nb8
24.Be3 Bb5 25.Rd2 Qa6 26.Rhd1 Nc6 27.f5 Na5 28.Nc1 O-O 29.Rd5 Rfd8 30.f6 Bf8
31.fxg7 Bxg7 32.Bb6 Re8 33.Bxa5 Qxa5 34.Bf1 Rb8 35.Bc4 Re7 36.h5 Qa6 37.Bxb5 Rxb5
38.Rxd6 Qb7 39.Rd8+ Bf8 40.Qf6  1-0

[Event "CUB-ch"]
[Site "Matanzas"]
[Date "1997.??.??"]
[Round "13"]
[White "Perez, Rodney"]
[Black "Vera, Reynaldo"]
[Result "1/2-1/2"]
[WhiteElo "2385"]
[BlackElo "2510"]

1.e4 c5 2.Nf3 d6 3.d4 cxd4 4.Nxd4 Nf6 5.Nc3 a6 6.Be3 e6 7.g4 h6 8.Qf3 Nc6
9.Rg1 Bd7 10.h4 Ne5 11.Qe2 b5 12.g5 hxg5 13.hxg5 Nh5 14.O-O-O g6 15.Qd2 Qc7
16.f4 Nc4 17.Bxc4 Qxc4 18.Kb1  1/2-1/2

[Event "CRO-chT (Women)"]
[Site "Medulin"]
[Date "1997.??.??"]
[Round "?"]
[White "Medvegy, Nora"]
[Black "Roschina, Tatiana"]
[Result "1-0"]
[WhiteElo "2265"]
[BlackElo "2245"]

1.e4 c5 2.Nf3 d6 3.d4 cxd4 4.Nxd4 Nf6 5.Nc3 a6 6.Be3 Ng4 7.Bc1 Nf6 8.Be3 Ng4
9.Bg5 h6 10.Bh4 g5 11.Bg3 Bg7 12.Be2 h5 13.Bxg4 Bxg4 14.f3 Bd7 15.Bf2 Nc6
16.O-O e6 17.Qd2 Ne5 18.Rad1 Rc8 19.Nce2 Qe7 20.b3 g4 21.f4 h4 22.Be3 h3
23.g3 Nc6 24.c4 O-O 25.Nc3 Rfe8 26.Rfe1 Qf6 27.Nde2 Bf8 28.Na4 Qg6 29.Nec3 b5
30.Nb6 Rcd8 31.Nxd7 bxc4 32.bxc4 Rxd7 33.Na4 Rb7 34.c5 Rb4 35.Nc3 dxc5 36.Qd7 Nd4
37.Qxe8 Nf3+ 38.Kh1 Nxe1 39.Rd8 Qg7 40.Bc1 Rd4  1-0

[Event "CRO-chT (Women)"]
[Site "Medulin"]
[Date "1997.??.??"]
[Round "?"]
[White "Madl, Ildiko"]
[Black "Chilingirova, Pavlina"]
[Result "1-0"]
[WhiteElo "2365"]
[BlackElo "2200"]

1.e4 c5 2.Nf3 d6 3.d4 cxd4 4.Nxd4 Nf6 5.Nc3 a6 6.Be3 e6 7.g4 b5 8.g5 Nfd7
9.a3 Nb6 10.f4 N8d7 11.Bg2 Bb7 12.O-O Nc4 13.Bc1 e5 14.fxe5 dxe5 15.Nf5 g6
16.Ng3 Bc5+ 17.Kh1 O-O 18.Nd5 Bxd5 19.Qxd5 Be3 20.Qd1 Nc5 21.b3 Qxd1 22.Rxd1 Rfd8
23.Rd5 Rxd5 24.exd5 Bxc1 25.Rxc1 Nxa3 26.Re1 Re8 27.b4 Nd7 28.Ne4 Kg7 29.Bh3 f5
30.gxf6+ Nxf6 31.Nxf6 Kxf6 32.d6 Nc4 33.Rf1+ Kg5 34.d7 Rd8 35.Ra1 Nd6 36.Rxa6 Nf5
37.Ra7 Nd6 38.Bf1 Kf6 39.Ra6 Ke7 40.Rb6 Rxd7 41.Bxb5 Rc7 42.Ba4 Nf5 43.Ra6 Rb7
44.c3 Nd6 45.Kg2 Rc7 46.Bc6 e4 47.Kf2 Ke6 48.Ke3 Ke5 49.Ra5+ Kf6 50.Rc5 Re7
51.b5 Re5 52.Bd5 Nf5+ 53.Ke2 Re7 54.b6 Nd6 55.Ra5 h5 56.c4 Ke5 57.b7 Nxb7
58.Bxb7+ Kd4 59.Ba6 e3 60.Rd5+ Ke4 61.Rd6 g5 62.c5 Rc7 63.c6 Ke5 64.Rh6 Ra7
65.Bb7  1-0

[Event "CRO-chT (Women)"]
[Site "Medulin"]
[Date "1997.??.??"]
[Round "?"]
[White "Lakos, Nikoletta"]
[Black "Chilingirova, Pavlina"]
[Result "1-0"]
[WhiteElo "2380"]
[BlackElo "2200"]

1.e4 c5 2.Nf3 d6 3.d4 cxd4 4.Nxd4 Nf6 5.Nc3 a6 6.Be3 e6 7.Qd2 Be7 8.f3 Qc7
9.g4 h6 10.O-O-O b5 11.Bd3 Nbd7 12.h4 Ne5 13.g5 Nfd7 14.Kb1 Nb6 15.Qg2 Nbc4
16.Bxc4 Nxc4 17.Bc1 b4 18.Nce2 e5 19.gxh6 g6 20.Nf5 Bf6 21.Ng7+ Kf8 22.h5 g5
23.Bxg5 Qe7 24.Rhg1 Bxg5 25.Qxg5 Qxg5 26.Rxg5 Rxh6 27.b3 Na3+ 28.Kb2 Nb5
29.Rdg1 Ra7 30.a4 bxa3+ 31.Ka2 f6 32.R5g2 Rf7 33.c4 Nc7 34.Kxa3 Rh7 35.Nf5 Bxf5
36.exf5 Rxh5 37.Ng3 Rh3 38.Ne4 Ke7 39.Rd2 Rxf3 40.Nxd6 Rh7 41.Nc8+ Kf8 42.Rd8+ Ne8
43.Nd6 Ke7 44.Rxe8+ Kxd6 45.Re6+ Kc7 46.Rxa6 Re7 47.Ra7+ Kd8 48.Rg8+  1-0

[Event "CRO-chT2"]
[Site "Medulin"]
[Date "1997.??.??"]
[Round "?"]
[White "Rade, Miroslav"]
[Black "Muse, Drazen"]
[Result "1/2-1/2"]
[WhiteElo "2300"]
[BlackElo "2335"]

1.e4 c5 2.Nf3 d6 3.d4 cxd4 4.Nxd4 Nf6 5.Nc3 a6 6.Be3 Ng4 7.Bg5 h6 8.Bh4 g5
9.Bg3 Bg7 10.Be2 h5 11.Nf5 Bxc3+ 12.bxc3 Bxf5 13.exf5 Qb6 14.O-O Nf6 15.Rb1 Qc7
16.h4 g4 17.Re1 Kf8 18.Bd3 Nc6 19.Qd2 Nd7 20.Be4 Rd8 21.Bf4 f6 22.Bh6+ Ke8
23.Bd5 Nde5 24.Be3 Ra8 25.Bb6 Qc8 26.Be6 Qb8 27.c4 Kf8 28.Kh1 Nd8 29.Bxd8 Qxd8
30.Rxb7 Rb8 31.Reb1 Rxb7 32.Rxb7 Kg7 33.Qd4 Re8 34.Qa7 a5 35.Rc7 Kf8 36.Kh2 d5
37.Bxd5 Qd6 38.g3 Qa3 39.Qe3 Qxe3 40.fxe3 Rb8 41.c5 Rb2 42.Rc8+ Kg7 43.Bb3 Nf3+
44.Kh1 Rb1+ 45.Kg2 Rd1  1/2-1/2

[Event "Amber-blind 6th"]
[Site "Monte Carlo"]
[Date "1997.??.??"]
[Round "11"]
[White "Shirov, Alexei"]
[Black "Ljubojevic, Ljubomir"]
[Result "1/2-1/2"]
[WhiteElo "2690"]
[BlackElo "2570"]

1.e4 c5 2.Nf3 d6 3.d4 cxd4 4.Nxd4 Nf6 5.Nc3 a6 6.Be3 e5 7.Nb3 Qc7 8.Qd2 Be7
9.O-O-O O-O 10.f3 Be6 11.g4 Rc8 12.h4 d5 13.exd5 Nxd5 14.Nxd5 Bxd5 15.Bg2 Nc6
16.Kb1 Nb4 17.c3 Rd8 18.Qf2 Nxa2 19.Bb6 Qc4 20.Bxd8 Qxb3 21.Ba5 Be6 22.f4 exf4
23.Qf3 Rb8 24.Qxf4 Rc8 25.Qd4 Qb5 26.Bd5 Qxa5 27.Bxe6 fxe6 28.Qd7 Nxc3+ 29.bxc3 Qxc3
30.Qxe7  1/2-1/2

[Event "Moravia-chT 9697"]
[Site "?"]
[Date "1997.??.??"]
[Round "?"]
[White "Simacek, Pavel"]
[Black "Piza, Vlastimil"]
[Result "1/2-1/2"]
[WhiteElo "2255"]
[BlackElo "2290"]

1.e4 c5 2.Nf3 d6 3.d4 cxd4 4.Nxd4 Nf6 5.Nc3 a6 6.Be3 e6 7.g4 h6 8.Rg1 b5
9.f3 b4 10.Nce2 e5 11.Nb3 d5 12.Ng3 d4 13.Bd2 Be6 14.Bd3 Nbd7 15.Qe2 Qb6
16.h4 g6 17.g5 hxg5 18.hxg5 Nh5 19.Nxh5 Rxh5 20.f4 exf4 21.Bxf4 a5 22.e5 Be7
23.O-O-O a4  1/2-1/2

[Event "Kasparov Cup"]
[Site "Moscow"]
[Date "1997.??.??"]
[Round "?"]
[White "Sedlak, Nicola"]
[Black "Ibrahimov, Rasul"]
[Result "0-1"]
[WhiteElo "2080"]
[BlackElo "2310"]

1.e4 c5 2.Nf3 d6 3.d4 cxd4 4.Nxd4 Nf6 5.Nc3 a6 6.Be3 e6 7.Be2 Be7 8.O-O O-O
9.f4 Qc7 10.Qe1 b5 11.a3 Bb7 12.Bf3 Nbd7 13.f5 e5 14.Nb3 Rad8 15.Kh1 Nb6
16.Na5 Ba8 17.Bg5 d5 18.exd5 Nbxd5 19.Bxf6 Bxf6 20.Nxd5 Bxd5 21.Bxd5 Rxd5
22.Rc1 Bg5 23.f6 gxf6 24.Rb1 Qxc2 25.Qg3 Qd3 26.Qg4 Rd4 27.Qh5 Qg6 28.Qf3 e4
29.Qc3 Rd3 30.Qc7 f5 31.Nc6 Rd6 32.Ne5 Qe6 33.Rxf5 Qxf5 34.Qxd6 e3 35.Re1 Rd8
36.Qc7 e2 37.Nf3 Rd1 38.Qg3 Qf4 39.Qf2 Rxe1+ 40.Qxe1 Qc1 41.Qg1 Qxg1+ 42.Kxg1 Be3+  0-1

[Event "NRW-Cup Masters op"]
[Site "Muenster"]
[Date "1997.??.??"]
[Round "2"]
[White "Kemper, Meinolf"]
[Black "Dydyshko, Viacheslav"]
[Result "1/2-1/2"]
[WhiteElo "2050"]
[BlackElo "2490"]

1.e4 c5 2.Nf3 d6 3.d4 cxd4 4.Nxd4 Nf6 5.Nc3 a6 6.Be3 Ng4 7.Bg5 h6 8.Bh4 g5
9.Bg3 Bg7 10.Qd2 Nc6 11.Nf3 Be6 12.h4 Qb6 13.Rb1 Rc8 14.Be2 gxh4 15.Bxh4 Qc5
16.O-O Rg8 17.Nd5 Bxd5 18.exd5 Nce5 19.c3 Ng6 20.Bg3 Nf6 21.Bd3 Qxd5 22.Rbd1 Kf8
23.Qc2 Qh5 24.Qb3 b5 25.Qa3 Bh8 26.Qxa6 Rc5 27.b4 Rxc3 28.Qxb5 Qxb5 29.Bxb5 Ne4
30.Bd7 Ra3 31.Nd4 Bxd4 32.Rxd4 Nxg3 33.fxg3 Ne5 34.Be6 Raxg3 35.Bd5 e6 36.Bxe6 Rxg2+
37.Kh1 Ke7 38.Bd5 R2g4 39.Rxg4 Rxg4 40.Rb1 Nd3 41.b5 Rb4 42.Rxb4 Nxb4 43.Bb3 Kd7
44.Bxf7 Kc7 45.a4 Kb6 46.Kg2 Nd3 47.Bb3 Nc5 48.Bd1 d5 49.Kf3 d4 50.Bc2 Ka5
51.Kf4 h5 52.Ke5 d3 53.Bxd3 Nxd3+ 54.Kf5 Nc5  1/2-1/2

[Event "Nigran"]
[Site "Nigran"]
[Date "1997.??.??"]
[Round "3"]
[White "Garcia Carbo, Marcial"]
[Black "Feijoo, Carlos"]
[Result "1-0"]
[WhiteElo "2300"]
[BlackElo "2130"]

1.e4 c5 2.Nf3 d6 3.d4 cxd4 4.Nxd4 Nf6 5.Nc3 a6 6.Be3 e5 7.Nb3 Be6 8.Qd2 Be7
9.f3 O-O 10.O-O-O a5 11.Qf2 Nfd7 12.Nd2 Nc6 13.Nc4 Qb8 14.Nb5 a4 15.a3 Rd8
16.Ncxd6 Nd4 17.Bxd4 exd4 18.Qxd4 Nf8 19.e5 Ba2 20.f4 Ne6 21.Qe3 f6 22.c4 Nc7
23.Qc5 Bxd6 24.Nxd6 fxe5 25.Qxe5 Ra6 26.Be2 Bb3 27.Rd4 Raxd6 28.Rxd6 Re8
29.Qd4 Nb5 30.Qd5+ Kh8 31.Qxb5 Rxe2 32.c5 Rc2+ 33.Kb1 Qf8 34.Rhd1  1-0

[Event "Coca Cola op"]
[Site "Olanesti"]
[Date "1997.??.??"]
[Round "9"]
[White "Cioara, Andrei Nestor"]
[Black "Prunescu, Claudiu"]
[Result "1-0"]
[WhiteElo "2285"]
[BlackElo "2095"]

1.e4 c5 2.Nf3 d6 3.d4 cxd4 4.Nxd4 Nf6 5.Nc3 a6 6.Be3 e6 7.f3 Be7 8.g4 h6
9.Qd2 Qc7 10.h4 Nc6 11.O-O-O b5 12.Bd3 h5 13.g5 Ng8 14.Nxc6 Qxc6 15.f4 Bb7
16.Rhf1 b4 17.Ne2 d5 18.Ng3 dxe4 19.Bxe4 Qc7 20.Bxb7 Qxb7 21.Bd4 Rh7 22.f5 exf5
23.Nxf5 g6 24.Nxe7 Nxe7 25.Bc5 Kf8 26.Rfe1 Re8 27.Rxe7  1-0

[Event "RUS-chT"]
[Site "Orel"]
[Date "1997.??.??"]
[Round "?"]
[White "Isupov, Vladimir"]
[Black "Shipov, Sergei"]
[Result "1/2-1/2"]
[WhiteElo "2375"]
[BlackElo "2540"]

1.e4 c5 2.Nf3 d6 3.d4 cxd4 4.Nxd4 Nf6 5.Nc3 a6 6.Be3 e6 7.Be2 Be7 8.a4 b6
9.f4 Bb7 10.Bf3 Nbd7 11.Qe2 e5 12.Nf5 g6 13.fxe5 dxe5 14.Nh6 Bb4 15.O-O Bxc3
16.bxc3 Rf8 17.Bg5 Rc8  1/2-1/2

[Event "Orense op"]
[Site "Orense"]
[Date "1997.??.??"]
[Round "7"]
[White "Garcia, Marcial"]
[Black "Ruiz, Agustin"]
[Result "1/2-1/2"]
[WhiteElo "2300"]
[BlackElo "2195"]

1.e4 c5 2.Nf3 d6 3.d4 cxd4 4.Nxd4 Nf6 5.Nc3 a6 6.Be3 e5 7.Nb3 Be6 8.Qd2 Nbd7
9.f3 Nb6 10.O-O-O Nc4 11.Bxc4 Bxc4 12.Qf2 Be7 13.g4 b5 14.Na5 Rc8 15.Bb6 Qd7
16.Nxc4 Rxc4 17.g5 Nh5 18.Be3 O-O 19.Nd5 Qd8 20.Qh4 g6 21.Rhg1 Kh8 22.Rd3 f5
23.gxf6 Bxf6 24.Qg4 Bg7 25.Bg5 Qe8 26.b3 Rc6 27.Rgd1 h6 28.Be7 Nf6 29.Qh3 Nxd5
30.exd5 Rxc2+ 31.Kxc2 Qxe7 32.Kb1 e4 33.fxe4 Qe5 34.Rd4 Rf2 35.R1d2 Qf4 36.e5 Rf1+
37.Kc2 Qf8 38.Rh4 dxe5 39.Re4 Qc5+ 40.Kd3 Qxd5+ 41.Ke2 Rf2+ 42.Kxf2 Qxd2+
43.Re2 Qf4+ 44.Kg2 a5 45.Qg3 Qf5 46.h3 h5 47.Qe3 Kh7 48.Qe4 Qg5+ 49.Kh2 Kh6
50.Rf2 h4 51.Rg2 Qf6 52.Rg4 g5 53.Qe3 Kg6 54.Qd3+ Qf5 55.Qxb5 Qf2+ 56.Rg2 Qf4+
57.Kh1 Qf3 58.Qa6+ Bf6 59.Qe6 Qf1+ 60.Kh2 Qf4+ 61.Kg1 Qc1+ 62.Kh2 Qf4+ 63.Kg1  1/2-1/2

[Event "Pinar del Rio"]
[Site "Pinar del Rio"]
[Date "1997.??.??"]
[Round "3"]
[White "Pupo, Emilio"]
[Black "Rivero, Carlos"]
[Result "1-0"]
[WhiteElo "2400"]
[BlackElo "2055"]

1.e4 c5 2.Nf3 d6 3.d4 cxd4 4.Nxd4 Nf6 5.Nc3 a6 6.Be3 e5 7.Nb3 Be7 8.f3 Be6
9.Qd2 O-O 10.O-O-O Qc7 11.g4 Rd8 12.g5 Nh5 13.Nd5 Bxd5 14.exd5 Nd7 15.Bh3 g6
16.Bg4 Ng7 17.h4 f5 18.gxf6 Nxf6 19.Bh6 Nxg4 20.fxg4 Rac8 21.h5 g5 22.Rh2 Rf8
23.Bxg5 Qd8 24.Be3 Rf3 25.Kb1 Qd7 26.Qe2 Rcf8 27.Nd2 Rg3 28.Rg2 Rxg2 29.Qxg2 Qd8
30.Ne4 Ne8 31.Rf1 Rxf1+ 32.Qxf1 Nf6 33.Nxf6+ Bxf6 34.Qf5 Qe7 35.g5 Bg7 36.h6 Bf8
37.g6  1-0

[Event "Plzen KB opJ-A"]
[Site "Plzen"]
[Date "1997.??.??"]
[Round "7"]
[White "Suran, Jan"]
[Black "Hrbolka, Ladislav"]
[Result "1-0"]
[WhiteElo "2280"]
[BlackElo "2250"]

1.e4 c5 2.Nf3 d6 3.d4 cxd4 4.Nxd4 Nf6 5.Nc3 a6 6.Be3 e5 7.Nb3 Be6 8.Be2 Be7
9.O-O b5 10.a4 b4 11.Nd5 Bxd5 12.exd5 a5 13.Bb5+ Nfd7 14.f4 O-O 15.Qd2 Bf6
16.Rad1 exf4 17.Rxf4 Bg5 18.Rff1 Bxe3+ 19.Qxe3 Ne5 20.Kh1 Nbd7 21.Nd4 Nc5
22.Nc6 Nxc6 23.dxc6 Qc7 24.Rfe1 h6 25.Qe7 Qxe7 26.Rxe7 Rfe8 27.Rxe8+ Rxe8
28.h3 Ne4 29.Rd4 f5 30.Bc4+ Kf8 31.Rd5 Rc8 32.Rxf5+ Nf6 33.Rxa5 Rxc6 34.Ra8+ Ke7
35.Ra7+ Kd8 36.Bd3 Rc7 37.Ra8+ Kd7 38.Rb8 Nd5 39.Kg1 Ke6 40.Rb5 Rc5 41.Rxc5 dxc5
42.Bc4  1-0

[Event "Plzen KB opJ-A"]
[Site "Plzen"]
[Date "1997.??.??"]
[Round "9"]
[White "Tupy, Martin"]
[Black "Navara, David"]
[Result "0-1"]
[WhiteElo "2235"]
[BlackElo "2075"]

1.e4 c5 2.Nf3 d6 3.d4 cxd4 4.Nxd4 Nf6 5.Nc3 a6 6.Be3 Ng4 7.Bg5 h6 8.Bh4 g5
9.Bg3 Bg7 10.Be2 Qb6 11.Nb3 Bxc3+ 12.bxc3 Ne5 13.h4 gxh4 14.Rxh4 Nbc6 15.Bf4 Be6
16.Be3 Qc7 17.Nd4 Bc4 18.Nxc6 Bxe2 19.Qxe2 Qxc6 20.Bd4 Ng6 21.Bxh8 Nxh4 22.Qg4 Ng6
23.Kd2 Kf8 24.Bd4 Rc8 25.Rc1 e5 26.Be3 Qxc3+ 27.Ke2 Kg7 28.Qh3 Qc4+ 29.Kd2 Rh8
30.Rh1 Qxe4 31.Bxh6+ Kf6 32.g4 Ke7 33.f4 Rc8 34.Bg5+ Kd7 35.Rc1 Nxf4 36.Bxf4 Qxf4+
37.Kd1 Rc4 38.c3 Qxg4+  0-1

[Event "Polanica Zdroj op"]
[Site "Polanica Zdroj"]
[Date "1997.??.??"]
[Round "7"]
[White "Grabarczyk, Bogdan"]
[Black "Vaulin, Alexander"]
[Result "1/2-1/2"]
[WhiteElo "2445"]
[BlackElo "2530"]

1.e4 c5 2.Nf3 d6 3.d4 cxd4 4.Nxd4 Nf6 5.Nc3 a6 6.Be3 e5 7.Nb3 Be6 8.Qd2 Nbd7
9.f3 b5 10.g4 Nb6 11.g5 Nfd7 12.Nd5 Rc8 13.h4 Bxd5 14.exd5 Nc4 15.Bxc4 bxc4
16.Nc1 c3 17.bxc3 Nb6 18.Bxb6 Qxb6 19.Ne2 Be7 20.Qd3 O-O 21.Kd2 Rc5 22.Rhb1 Qa5
23.Ke1 Rxd5 24.Qe4 Rc5 25.Kf1 f5 26.Qb7 Rf7 27.Qa8+ Bf8 28.Rb7 Rxb7 29.Qxb7 Qc7
30.Rb1 Qxb7 31.Rxb7 Ra5 32.Nc1 Rc5 33.Ne2 Ra5 34.Nc1 Rb5 35.Rxb5 axb5 36.c4 bxc4
37.a4 d5 38.a5 Kf7 39.a6 Bc5 40.Na2 d4 41.Nb4 e4 42.fxe4 fxe4 43.Nc6 c3 44.Ke2 Kg6
45.a7 Bxa7 46.Nxa7 Kh5 47.Nc6  1/2-1/2

[Event "POL-ch sf"]
[Site "Poraj "]
[Date "1997.??.??"]
[Round "2"]
[White "Dobrowolski, Piotr"]
[Black "Michalski, Olaf"]
[Result "1-0"]
[WhiteElo "2390"]
[BlackElo "2285"]

1.e4 c5 2.Nf3 d6 3.d4 cxd4 4.Nxd4 Nf6 5.Nc3 a6 6.Be3 e5 7.Nb3 Be6 8.f3 Nbd7
9.g4 h6 10.Qd2 Be7 11.O-O-O b5 12.Nd5 Bxd5 13.exd5 Nb6 14.Bxb6 Qxb6 15.h4 a5
16.Qd3 Rb8 17.Nd2 Qc5 18.Ne4 Nxe4 19.Qxe4 a4 20.f4 Bf6 21.g5 hxg5 22.hxg5 Rxh1
23.Qxh1 Qe3+ 24.Kb1 Be7 25.fxe5 Qxe5 26.Qh8+ Bf8 27.Qh4 Kd8 28.Qb4 Qxg5 29.Qa5+  1-0

[Event "POL-ch sf"]
[Site "Poraj "]
[Date "1997.??.??"]
[Round "3"]
[White "Bartel, Mateusz"]
[Black "Szelag, Marcin"]
[Result "0-1"]
[WhiteElo "2135"]
[BlackElo "2245"]

1.e4 c5 2.Nf3 d6 3.d4 cxd4 4.Nxd4 Nf6 5.Nc3 a6 6.Be3 e5 7.Nb3 Be6 8.Qd2 Nbd7
9.f3 Be7 10.O-O-O b5 11.g4 Nb6 12.g5 Nfd7 13.Nd5 Bxd5 14.exd5 Rc8 15.h4 Nc4
16.Qe1 Ndb6 17.Bh3 Nxe3 18.Qxe3 Rc4 19.Bg4 O-O 20.Kb1 Qc7 21.Rh2 a5 22.h5 a4
23.Nc1 f5 24.gxf6 Bxf6 25.Bf5 e4 26.Bxe4 Rb4 27.Nd3 Qc3 28.Qc1 Nc4 29.Nxb4 Nxb2
30.Qd2 Nxd1 31.Qxc3 Nxc3+ 32.Kc1 Nxe4 33.fxe4 Bc3  0-1

[Event "POL-ch sf"]
[Site "Poraj "]
[Date "1997.??.??"]
[Round "6"]
[White "Liwak, Przemyslaw"]
[Black "Jakubiec, Artur"]
[Result "0-1"]
[WhiteElo "2060"]
[BlackElo "2455"]

1.e4 c5 2.Nf3 d6 3.d4 cxd4 4.Nxd4 Nf6 5.Nc3 a6 6.Be3 e5 7.Nb3 Be6 8.f3 Nbd7
9.Qd2 b5 10.O-O-O b4 11.Nd5 Bxd5 12.exd5 Nb6 13.Bxb6 Qxb6 14.g4 Be7 15.h4 O-O
16.Kb1 a5 17.g5 Nh5 18.Bh3 Nf4 19.Nc1 f5 20.Ne2 Nxh3 21.Rxh3 f4 22.Nc1 Qb7
23.Rh2 Bd8 24.Qd3 a4 25.Re2 Rc8 26.Re4 a3 27.b3 Rc3 28.Qe2 Ba5 29.Nd3 Rfc8
30.Rd2 Qd7 31.Nf2 Bb6 32.Ng4 Qc7 33.Qd1 Be3 34.Nxe3 fxe3 35.Re2 Qc5 36.f4 exf4
37.Rxf4 Re8 38.Qd4 Qxd4 39.Rxd4 Rf8 40.Kc1 Rf1+ 41.Rd1 Rf4 42.Rde1 Rf3 43.Kd1 Kf7
44.Rg1 Rf5 45.Rg4 Rf1+ 46.Re1 Rxe1+ 47.Kxe1 Rxc2 48.Rxb4 Rxa2 49.Ra4  0-1

[Event "POL-ch sf"]
[Site "Poraj "]
[Date "1997.??.??"]
[Round "7"]
[White "Jedryczka, Krystian"]
[Black "Palus, Ryszard"]
[Result "0-1"]
[WhiteElo "2165"]
[BlackElo "2235"]

1.e4 c5 2.Nf3 d6 3.d4 cxd4 4.Nxd4 Nf6 5.Nc3 a6 6.Be3 Ng4 7.Bg5 h6 8.Bh4 g5
9.Be2 gxh4 10.Bxg4 e6 11.O-O Rg8 12.Bh3 Nc6 13.Kh1 Bg7 14.Nde2 b5 15.Qd2 Na5
16.Rad1 Nc4 17.Qc1 Qg5 18.f4 Qc5 19.Rd3 b4 20.Na4 Qc6 21.b3 Na3 22.Qd2 Nb5
23.Qxb4 Bb7 24.Re3 Qxc2 25.Rc1 Qxa2 26.Nb6 Rd8 27.Qc4 Ke7 28.e5 Qd2 29.exd6+ Rxd6
30.Re5 Rxb6 31.Rc5 Rd6 32.f5 Bf6  0-1